Normal view
MARC view
- Social history
Entry Topical Term
001 - CONTROL NUMBER
- control field: 33505
003 - CONTROL NUMBER IDENTIFIER
- control field: NUST
005 - DATE AND TIME OF LATEST TRANSACTION
- control field: 20201020150212.0
008 - FIXED-LENGTH DATA ELEMENTS
- fixed length control field: 201020|| aca||aabn | a|a d
040 ## - CATALOGING SOURCE
- Original cataloging agency: NUST
- Transcribing agency: NUST
150 ## - HEADING--TOPICAL TERM
- Topical term or geographic name entry element: Social history
670 ## - SOURCE DATA FOUND
- Source citation: Work cat.: (NUST)614: Sennett, Richard, 33504, The fall of public man /, [1996], c1976.
